|
|
|
|
| LEADER |
01087naa a2200205 i 4500 |
| 001 |
acta83266 |
| 005 |
20240123110338.0 |
| 008 |
240123s2021 hu o 100 hun d |
| 040 |
|
|
|a SZTE Egyetemi Kiadványok Repozitórium
|b hun
|
| 041 |
|
|
|a hun
|
| 100 |
1 |
|
|a Deák Ádám
|
| 245 |
1 |
0 |
|a Szeged szabad királyi város képviselete az 1843/44. évi országgyűlésen - követutasítások és követjelentések a diétáról
|h [elektronikus dokumentum] :
|b [absztrakt] /
|c Deák Ádám
|
| 260 |
|
|
|c 2021
|
| 300 |
|
|
|a 11
|
| 490 |
0 |
|
|a Móra Kárpát-medencei Interdiszciplináris Szakkollégiumi Konferencia
|v 5
|
| 650 |
|
4 |
|a Bölcsészettudományok
|
| 650 |
|
4 |
|a Történettudomány és régészet
|
| 695 |
|
|
|a Szeged története - 19. sz. - előadáskivonat, Országgyűlés - Magyarország - 1843-1844 - előadáskivonat, Magyarország története - 1843-1844 - előadáskivonat
|
| 711 |
|
|
|a V. Móra Interdiszciplináris Kárpát-medencei Szakkollégiumi Konferencia
|c Szeged
|d 2021. november 26-27.
|
| 856 |
4 |
0 |
|u http://acta.bibl.u-szeged.hu/83266/1/morakonf_2021_nov_011_02.pdf
|z Dokumentum-elérés
|